Grafické štúdiá - finančne a profesionálne náročný medzičlánok vo výrobe reklamy

Spolupráca grafických štúdií s reklamnými agentúrami a inými zákazníkmi. Charakter práce štúdií Repro Sova, Typocon, Concordia a September.

Na minha lista:
Detalhes bibliográficos
Autor principal: Harmatová, D.
Formato: Capítulo de Livro
Idioma:eslovaco
Assuntos:
Tags: Adicionar Tag
Sem tags, seja o primeiro a adicionar uma tag!

MARC

LEADER 00000naa a2200000 4500
001 r020251
005 20230921074309.2
041 0 |a slo 
044 |a SK 
245 1 0 |a Grafické štúdiá - finančne a profesionálne náročný medzičlánok vo výrobe reklamy  |c D. Harmatová 
520 |a Spolupráca grafických štúdií s reklamnými agentúrami a inými zákazníkmi. Charakter práce štúdií Repro Sova, Typocon, Concordia a September. 
610 2 0 |a reklama 
610 2 0 |a tvorba reklamy 
610 2 0 |a Slovensko 
610 2 0 |a Repro Sova, s.r.o. Bratislava 
610 2 0 |a Typocon, s.r.o. Bratislava 
610 2 0 |a Concordia, s.r.o. Bratislava 
610 2 0 |a September, s.r.o. Bratislava 
610 2 0 |a grafika počítačová 
610 2 0 |a tlačiarne 
100 1 |a Harmatová, D.